000 00642nam a2200241Ia 4500
003 OSt
005 20221005083931.0
006 a|||||r|||| 00| 0
007 ta
008 221004b |||||||| |||| 00| 0 eng d
024 _a48183
037 _cTextual
040 _aCRL
_cCRL
_beng
041 _2eng
_aeng
082 _aO111:g, K9
100 _aSchiller Jerome P.
245 0 _aI. A. Richard's theory of literature
260 _aNew Haven
_bYale University Press
_c1969
300 _a189p.
_ccm.
650 _aENGLISH LITERATURE
942 _hO111:g, K9
_cTEXL
_2cc
999 _c991781
_d991781